Guidelines for the use of online resources and information technology in credit management

Bibliográfiai részletek
Szerző: Dudás-Györki Anna
További közreműködők: Vallyon Dr. Andrea
Dokumentumtípus: Diplomadolgozat
Kulcsszavak:Banki műveletek
Online fizetés
Kockázatelemzés
PayPal
Esettanulmány
Online Access:http://dolgozattar.uni-bge.hu/18713

MARC

LEADER 00000nta a2200000 i 4500
001 dolg18713
005 20200505094955.0
008 181201suuuu hu om 000 eng d
040 |a BGE Dolgozattár Repozitórium  |b hun 
041 |a en 
100 1 |a Dudás-Györki Anna 
245 1 0 |a Guidelines for the use of online resources and information technology in credit management  |c Dudás-Györki Anna  |h [elektronikus dokumentum] 
246 1 1 |a Útmutató az online források és modern technológia felhasználásához a kockázatkezelésben 
695 |a Banki műveletek 
695 |a Online fizetés 
695 |a Kockázatelemzés 
695 |a PayPal 
695 |a Esettanulmány 
700 1 |a Vallyon Dr. Andrea  |e ths 
856 4 0 |u http://dolgozattar.uni-bge.hu/18713/1/szakdoga_final.pdf  |z Dokumentum-elérés